| 000 | 00552nam a22001937a 4500 | ||
|---|---|---|---|
| 003 | KOHA_MİRAKIL | ||
| 005 | 20251112133816.0 | ||
| 008 | 251112b tu ||||| |||| 00| 0 tur d | ||
| 020 | _a9786257360654 | ||
| 040 |
_aTR-AnABB _btur _cTR-AnABB |
||
| 041 | _atur | ||
| 082 |
_a823.5 _bDOY 2022 |
||
| 100 | 1 | _aDoyle, Catherine, | |
| 245 | 1 | 0 |
_aKayıp gelgit savaşçıları / _cCatherine Doyle |
| 260 |
_aİstanbul : _bİthaki Yayınları, _c2022 |
||
| 300 |
_a307 sayfa ; _c19 cm |
||
| 650 | 0 | 4 | _aİrlanda edebiyatı,roman |
| 942 |
_2ddc _cBK |
||
| 999 |
_c9360 _d9360 |
||
| 900 | _bGizem YORULMAZ | ||